[Event "Titled Tuesday intern op 25th Jul Early"]
[Site "Chess.com INT"]
[Date "2023.07.25"]
[Round "8"]
[White "Valgmae, Toomas"]
[Black "Galiot, Goran"]
[Result "1-0"]
[WhiteElo "2270"]
[BlackElo "2257"]
[PlyCount "83"]
[EventDate "2023.07.25"]
[EventType "swiss (blitz)"]
[EventRounds "11"]
[EventCountry "USA"]
[SourceTitle "EXT 2024"]
[Source "ChessBase"]
[SourceDate "2023.10.10"]
[SourceVersion "1"]
[SourceVersionDate "2023.10.10"]
[SourceQuality "1"]

1. d4 Nf6 2. c4 g6 3. Nc3 Bg7 4. e4 d6 5. f3 0-0 6. Be3 Nfd7 7. Qd2 e5 8. Nge2 Nc6 9. 0-0-0 a5 10. Kb1 b6 11. h4 Ba6 12. h5 Bxc4 13. Bh6 Bxh6 14. Qxh6 g5 15. Ng3 Bxf1 16. Nf5 Qf6 17. Qxf6 Nxf6 18. Rhxf1 Nxd4 19. Nxd4 exd4 20. Rxd4 h6 21. g4 Rfe8 22. Rc1 Re5 23. a4 Rc5 24. Nb5 Rc8 25. Rxc5 bxc5 26. Rd3 Nd7 27. Kc2 Ne5 28. Re3 Kf8 29. Kc3 Ke7 30. b3 c6 31. Na3 Rb8 32. Nc4 Nxc4 33. Kxc4 Rb4+ 34. Kc3 Ke6 35. Rd3 Ke5 36. Rd1 Rd4 37. Re1 f6 38. Rf1 Kf4 39. Rf2 Ke3 40. Rf1 Ke2 41. Rc1 Rxe4 42. fxe4 1-0

[Event "Titled Tuesday intern op 25th Jul Early"]
[Site "Chess.com INT"]
[Date "2023.07.25"]
[Round "2"]
[White "Valgmae, Toomas"]
[Black "Remizov, Yaroslav"]
[Result "0-1"]
[WhiteElo "2270"]
[BlackElo "2409"]
[PlyCount "72"]
[EventDate "2023.07.25"]
[EventType "swiss (blitz)"]
[EventRounds "11"]
[EventCountry "USA"]
[SourceTitle "EXT 2024"]
[Source "ChessBase"]
[SourceDate "2023.10.10"]
[SourceVersion "1"]
[SourceVersionDate "2023.10.10"]
[SourceQuality "1"]

1. d4 Nf6 2. c4 c5 3. d5 b5 4. cxb5 a6 5. bxa6 g6 6. Nc3 Bg7 7. d6 0-0 8. Nf3 Rxa6 9. dxe7 Qxe7 10. e3 d5 11. Bxa6 Bxa6 12. Ne2 d4 13. 0-0 d3 14. Nc3 Nc6 15. Bd2 Rb8 16. Rb1 Nb4 17. Qa4 Qd6 18. Rfc1 Nc2 19. h3 h6 20. Ne1 Nxe1 21. Rxe1 Ra8 22. e4 Nd7 23. Be3 Nb6 24. Qa5 Nc4 25. Qxc5 Qd8 26. Red1 Nxe3 27. Qxe3 Bd4 28. Qxh6 Qf6 29. Qd2 Rc8 30. Rbc1 Rb8 31. Rf1 g5 32. Kh1 g4 33. hxg4 Kg7 34. g3 Qf3+ 35. Kg1 Qxg3+ 36. Kh1 Rh8+ 0-1

[Event "Titled Tuesday intern op 25th Jul Early"]
[Site "Chess.com INT"]
[Date "2023.07.25"]
[Round "11"]
[White "Valgmae, Toomas"]
[Black "Seemann, Jakub"]
[Result "0-1"]
[WhiteElo "2270"]
[BlackElo "2430"]
[PlyCount "90"]
[EventDate "2023.07.25"]
[EventType "swiss (blitz)"]
[EventRounds "11"]
[EventCountry "USA"]
[SourceTitle "EXT 2024"]
[Source "ChessBase"]
[SourceDate "2023.10.10"]
[SourceVersion "1"]
[SourceVersionDate "2023.10.10"]
[SourceQuality "1"]

1. d4 Nf6 2. c4 e6 3. Nc3 d5 4. Bg5 dxc4 5. e4 c5 6. Nf3 Nc6 7. d5 exd5 8. exd5 Na5 9. Bxc4 Nxc4 10. Qa4+ Bd7 11. Qxc4 Bd6 12. 0-0-0 h6 13. Ne4 hxg5 14. Nxd6+ Kf8 15. Nxg5 Qa5 16. Ngxf7 Rh5 17. Kb1 Qb4 18. Qxb4 cxb4 19. h3 Rxd5 20. Ne5 Rxe5 21. Nxb7 Bc6 22. Nd6 Bxg2 23. Rhg1 Bxh3 24. f4 Re2 25. Rh1 Be6 26. f5 Bg8 27. Rh4 a5 28. Rhd4 Rd8 29. b3 Ne8 30. Nb7 Rxd4 31. Rxd4 Bh7 32. Nxa5 Bxf5+ 33. Kc1 Nf6 34. Nc6 Rc2+ 35. Kd1 Rxc6 36. Rxb4 g5 37. a4 g4 38. Rf4 Bc2+ 39. Kd2 Bxb3 40. a5 g3 41. Rf3 g2 42. Rg3 Bd5 43. Ke3 Ra6 44. Kd4 Rxa5 45. Ke5 Ra6 0-1

[Event "Titled Tuesday intern op 28th Mar Early"]
[Site "Chess.com INT"]
[Date "2023.03.28"]
[Round "8"]
[White "Valgmae, Toomas"]
[Black "Lenaerts, Lennert"]
[Result "1-0"]
[WhiteElo "2270"]
[BlackElo "2357"]
[PlyCount "121"]
[EventDate "2023.03.28"]
[EventType "swiss (blitz)"]
[EventRounds "11"]
[EventCountry "USA"]
[SourceTitle "EXT 2024"]
[Source "ChessBase"]
[SourceDate "2023.10.10"]
[SourceVersion "1"]
[SourceVersionDate "2023.10.10"]
[SourceQuality "1"]

1. d4 d5 2. c4 c6 3. Nf3 Nf6 4. Nc3 dxc4 5. a4 Bf5 6. Ne5 Nbd7 7. Nxc4 Nb6 8. Ne5 a5 9. f3 Nfd7 10. Nxd7 Nxd7 11. e4 Bg6 12. Qb3 Qb6 13. Qxb6 Nxb6 14. Be3 e6 15. d5 Nd7 16. dxc6 bxc6 17. 0-0-0 Bc5 18. Bd4 e5 19. Bxc5 Nxc5 20. Rd6 Rc8 21. Bc4 Ke7 22. Rhd1 Rhd8 23. Rxd8 Rxd8 24. Rxd8 Kxd8 25. b3 Ke7 26. Kc2 f6 27. Nd1 Be8 28. Kc3 g6 29. Nf2 Kd6 30. g3 Bd7 31. f4 g5 32. f5 Be8 33. Bd3 Bf7 34. Bc2 h5 35. b4 axb4+ 36. Kxb4 Na6+ 37. Kc3 c5 38. Bd3 Nb4 39. Bc4 Be8 40. a5 Bc6 41. h4 gxh4 42. gxh4 Bb7 43. Bf7 Nc6 44. Bxh5 Nxa5 45. Bf7 Ke7 46. Bd5 Bxd5 47. exd5 Nb7 48. Ne4 Kf7 49. Kc4 Kg7 50. d6 Kf7 51. Kd5 Ke8 52. Nxc5 Nxc5 53. Kxc5 Kd7 54. Kd5 e4 55. Kxe4 Kxd6 56. Kd4 Kc6 57. Ke4 Kd6 58. h5 Ke7 59. Kd5 Kf7 60. Kd6 Kg7 61. Ke6 1-0

[Event "Titled Tuesday intern op 28th Mar Early"]
[Site "Chess.com INT"]
[Date "2023.03.28"]
[Round "5"]
[White "Valgmae, Toomas"]
[Black "Raahul, VS."]
[Result "0-1"]
[WhiteElo "2270"]
[BlackElo "2306"]
[PlyCount "56"]
[EventDate "2023.03.28"]
[EventType "swiss (blitz)"]
[EventRounds "11"]
[EventCountry "USA"]
[SourceTitle "EXT 2024"]
[Source "ChessBase"]
[SourceDate "2023.10.10"]
[SourceVersion "1"]
[SourceVersionDate "2023.10.10"]
[SourceQuality "1"]

1. d4 d5 2. c4 c6 3. Nf3 Nf6 4. Nc3 e6 5. Bg5 dxc4 6. e4 b5 7. Be2 h6 8. Bh4 g5 9. Bg3 b4 10. Na4 Nxe4 11. Bxc4 Nd7 12. 0-0 Bg7 13. Be5 Nxe5 14. Nxe5 0-0 15. Re1 Nd6 16. Bd3 Bb7 17. Nc5 Qe7 18. Rc1 Rac8 19. Qa4 Nb5 20. Qxb4 Rfd8 21. Rc4 Ba8 22. a4 a5 23. Qxa5 Nxd4 24. Qd2 Qd6 25. Qe3 Nf5 26. Bxf5 exf5 27. g3 Qd5 28. Rc2 Re8 0-1

[Event "Titled Tuesday intern op 28th Feb Early"]
[Site "Chess.com INT"]
[Date "2023.02.28"]
[Round "3"]
[White "Md Imran"]
[Black "Valgmae, Toomas"]
[Result "1-0"]
[WhiteElo "2284"]
[BlackElo "2270"]
[PlyCount "97"]
[EventDate "2023.02.28"]
[EventType "swiss (blitz)"]
[EventRounds "11"]
[EventCountry "USA"]
[SourceTitle "CBM 213 Extra"]
[Source "ChessBase"]
[SourceDate "2023.05.31"]
[SourceVersion "1"]
[SourceVersionDate "2023.05.31"]
[SourceQuality "1"]

1. d4 d5 2. Bf4 c6 3. Nf3 Qb6 4. Qc1 Bg4 5. Nbd2 e6 6. e3 Nf6 7. Ne5 Bf5 8. c4 Nbd7 9. c5 Qd8 10. Be2 Nxe5 11. Bxe5 Be7 12. h4 0-0 13. Bxf6 Bxf6 14. g4 Bg6 15. h5 Be4 16. f3 e5 17. dxe5 Bxe5 18. fxe4 Bg3+ 19. Kd1 dxe4 20. Qc4 b5 21. Qxe4 Re8 22. Qf3 Be5 23. Kc2 Qe7 24. Raf1 Qxc5+ 25. Kb1 Re7 26. Qf5 Qxe3 27. Qd3 Qxd3+ 28. Bxd3 Rd8 29. Kc2 Red7 30. Rf3 Bxb2 31. Ne4 Be5 32. h6 g6 33. Rhf1 a6 34. Be2 c5 35. Rd3 c4 36. Rxd7 Rxd7 37. Nf6+ Bxf6 38. Rxf6 Ra7 39. Bf3 Kf8 40. Rb6 Ke7 41. Rb7+ Rxb7 42. Bxb7 a5 43. Ba6 b4 44. Bxc4 Kf6 45. Kb3 Kg5 46. Bxf7 Kxh6 47. Ka4 Kg5 48. Kxa5 Kxg4 49. Kxb4 1-0

[Event "Titled Tuesday intern op 28th Feb Early"]
[Site "Chess.com INT"]
[Date "2023.02.28"]
[Round "6"]
[White "Ozen, Bahadir"]
[Black "Valgmae, Toomas"]
[Result "1-0"]
[WhiteElo "2369"]
[BlackElo "2270"]
[PlyCount "83"]
[EventDate "2023.02.28"]
[EventType "swiss (blitz)"]
[EventRounds "11"]
[EventCountry "USA"]
[SourceTitle "CBM 213 Extra"]
[Source "ChessBase"]
[SourceDate "2023.05.31"]
[SourceVersion "1"]
[SourceVersionDate "2023.05.31"]
[SourceQuality "1"]

1. g3 d5 2. Nf3 c6 3. Bg2 Nf6 4. 0-0 Bg4 5. h3 Bh5 6. d3 Nbd7 7. Qe1 e5 8. e4 Bd6 9. Nh4 0-0 10. Nf5 Bc5 11. Nd2 Re8 12. Nb3 Bf8 13. Be3 Bg6 14. Nh4 a5 15. Nxg6 hxg6 16. a4 d4 17. Bd2 Bb4 18. Bxb4 axb4 19. Qxb4 b6 20. h4 Nh5 21. Qd2 Qc7 22. Bh3 Nhf6 23. Qe2 Ra6 24. Ra3 Rea8 25. Rfa1 Qd6 26. c3 Nc5 27. Nxc5 Qxc5 28. b4 Qd6 29. Qb2 dxc3 30. Qxc3 Nh7 31. a5 b5 32. Rc1 g5 33. h5 Nf6 34. Qd2 g4 35. Bf1 Nxh5 36. Qg5 Nf6 37. Rac3 Rc8 38. Rc5 Rc7 39. Qxe5 Qxe5 40. Rxe5 Ra8 41. Rxb5 Rac8 42. Rg5 1-0

[Event "Keres Memorial rap 31st"]
[Site "Tallinn"]
[Date "2022.09.10"]
[Round "7"]
[White "Shishkov, Andrei"]
[Black "Valgmae, Toomas"]
[Result "1/2-1/2"]
[WhiteElo "2340"]
[BlackElo "2270"]
[PlyCount "59"]
[EventDate "2022.09.10"]
[EventType "swiss (rapid)"]
[EventRounds "11"]
[EventCountry "EST"]
[SourceTitle "CBM 210 Extra"]
[Source "ChessBase"]
[SourceDate "2022.11.30"]
[SourceVersion "1"]
[SourceVersionDate "2022.11.30"]
[SourceQuality "1"]

1. d4 d5 2. c4 c6 3. e3 Nf6 4. Nc3 Bf5 5. Nf3 e6 6. Nh4 Be4 7. f3 Bg6 8. Qb3 Qb6 9. Bd2 Qxb3 10. axb3 Bc2 11. f4 Bxb3 12. c5 Bc2 13. b4 Be7 14. Nf3 Nbd7 15. b5 0-0 16. Ra2 Bg6 17. bxc6 bxc6 18. Ba6 Rfb8 19. 0-0 Bd8 20. Rfa1 Ne4 21. Nxe4 Bxe4 22. Ne5 Nxe5 23. fxe5 Kf8 24. Bf1 a5 25. Bxa5 Rb1 26. Rxb1 Bxb1 27. Rb2 Rxa5 28. Rxb1 Bg5 29. Kf2 Ra3 30. Re1 1/2-1/2

[Event "Keres Memorial rap 31st"]
[Site "Tallinn"]
[Date "2022.09.10"]
[Round "6"]
[White "Valgmae, Toomas"]
[Black "Luukkonen, Tommi"]
[Result "0-1"]
[WhiteElo "2270"]
[BlackElo "2250"]
[PlyCount "66"]
[EventDate "2022.09.10"]
[EventType "swiss (rapid)"]
[EventRounds "11"]
[EventCountry "EST"]
[SourceTitle "CBM 210 Extra"]
[Source "ChessBase"]
[SourceDate "2022.11.30"]
[SourceVersion "1"]
[SourceVersionDate "2022.11.30"]
[SourceQuality "1"]

1. d4 Nf6 2. c4 e6 3. Nf3 d5 4. Nc3 Be7 5. Bg5 Nbd7 6. e3 h6 7. Bh4 0-0 8. Bd3 dxc4 9. Bxc4 c5 10. 0-0 a6 11. a4 cxd4 12. exd4 Nb6 13. Bb3 Nbd5 14. Ne5 Nxc3 15. bxc3 Nd5 16. Bxd5 exd5 17. Bxe7 Qxe7 18. Re1 Be6 19. Qb3 Qc7 20. a5 Rac8 21. Ra3 Qd6 22. Nd3 Rc7 23. Nc5 Bf5 24. Nxb7 Rxb7 25. Qxb7 Qxa3 26. Qxd5 Qxc3 27. Rd1 Re8 28. h3 Qc2 29. Ra1 Re2 30. Rf1 Be4 31. Qd8+ Kh7 32. d5 Rd2 33. d6 Qc6 0-1

[Event "Viljandi Valgmae Memorial"]
[Site "Viljandi"]
[Date "2022.07.02"]
[Round "6"]
[White "Povilaitis, Tomas"]
[Black "Valgmae, Toomas"]
[Result "0-1"]
[WhiteElo "2002"]
[BlackElo "2270"]
[PlyCount "112"]
[EventDate "2022.07.02"]
[EventType "swiss (rapid)"]
[EventRounds "9"]
[EventCountry "EST"]
[SourceTitle "CBM 209 Extra"]
[Source "ChessBase"]
[SourceDate "2022.09.30"]
[SourceVersion "1"]
[SourceVersionDate "2022.09.30"]
[SourceQuality "1"]

1. e4 d6 2. d4 Nf6 3. Nc3 g6 4. f4 Bg7 5. Nf3 c5 6. dxc5 Qa5 7. Bd3 Qxc5 8. Qe2 Bg4 9. Be3 Qa5 10. 0-0 0-0 11. h3 Bxf3 12. Qxf3 Nc6 13. a3 Nd7 14. Bd2 Nd4 15. Qf2 Nc5 16. Nd5 Qd8 17. f5 Nxd3 18. cxd3 Nb3 19. Rad1 Nxd2 20. Rxd2 e6 21. f6 Bh6 22. Ne7+ Kh8 23. Rc2 Qa5 24. Qh4 Be3+ 25. Kh1 Qe5 26. Rc7 Bg5 27. Nxg6+ Kg8 28. Nxe5 Bxh4 29. Ng4 h5 30. Nh6+ Kh7 31. Nxf7 Kg6 32. Nxd6 Bxf6 33. Nc4 b5 34. e5 Bg5 35. Rxf8 Rxf8 36. Nd6 Rf1+ 37. Kh2 Bf4+ 38. g3 Bxe5 39. Rc6 Rf2+ 40. Kg1 Rxb2 41. Ne4 Kf5 42. Ra6 Rb3 43. Nf2 Bd4 44. Kf1 Rb1+ 45. Ke2 Rb2+ 46. Kd1 Rxf2 47. a4 b4 48. Rd6 e5 49. Rd8 Ra2 50. Rf8+ Ke6 51. Re8+ Kf7 52. Rh8 b3 53. Rxh5 b2 54. Kc2 Ra1 55. Rh7+ Kg6 56. Rb7 Rc1+ 0-1

[Event "Puhajarve rap op 19th"]
[Site "Puhajarve"]
[Date "2018.11.24"]
[Round "27"]
[White "Kiik, Kalle"]
[Black "Valgmae, Toomas"]
[Result "1-0"]
[WhiteElo "2411"]
[BlackElo "2270"]
[PlyCount "97"]
[EventDate "2018.11.23"]
[EventType "tourn (rapid)"]
[EventRounds "35"]
[EventCountry "EST"]
[SourceTitle "CBM 187 Extra"]
[Source "ChessBase"]
[SourceDate "2018.11.04"]
[SourceVersion "1"]
[SourceVersionDate "2018.11.04"]
[SourceQuality "1"]

1. e4 d6 2. d4 Nf6 3. Nc3 g6 4. Be2 Bg7 5. h4 c5 6. dxc5 Qa5 7. Kf1 Qxc5 8. h5 0-0 9. Be3 Qa5 10. hxg6 fxg6 11. Bc4+ Kh8 12. Nf3 Bg4 13. Qd2 Bxf3 14. gxf3 Nc6 15. f4 b5 16. Bd5 Nxd5 17. Qxd5 Nb4 18. Qd2 Qc7 19. Kg2 Nc6 20. Rh3 Rf7 21. Rah1 Bf6 22. Nxb5 Qb7 23. c4 Rb8 24. b3 Nd8 25. f3 Ne6 26. Kf2 a6 27. Nc3 Nc5 28. Nd5 Qc6 29. Rh6 Rg8 30. Nxf6 exf6 31. Qd5 Qc7 32. Bd4 Qe7 33. Bxc5 dxc5 34. Rd1 Kg7 35. Rhh1 Rc8 36. Qd6 Qb7 37. Rd3 Rcc7 38. Rhd1 a5 39. Qd5 Qb6 40. Qd8 Qe6 41. Ke3 h6 42. Qa8 Rf8 43. Qd5 Qh3 44. Qd6 Rcf7 45. Qxc5 g5 46. f5 Qg3 47. Qd6 Qg2 48. R3d2 Qh3 49. Rh2 1-0

[Event "Puhajarve rap op 19th"]
[Site "Puhajarve"]
[Date "2018.11.24"]
[Round "25"]
[White "Petursson, Margeir"]
[Black "Valgmae, Toomas"]
[Result "1/2-1/2"]
[WhiteElo "2487"]
[BlackElo "2270"]
[PlyCount "110"]
[EventDate "2018.11.23"]
[EventType "tourn (rapid)"]
[EventRounds "35"]
[EventCountry "EST"]
[SourceTitle "CBM 187 Extra"]
[Source "ChessBase"]
[SourceDate "2018.11.04"]
[SourceVersion "1"]
[SourceVersionDate "2018.11.04"]
[SourceQuality "1"]

1. c4 c6 2. Nf3 d5 3. b3 Nf6 4. Bb2 Bg4 5. Ne5 Bh5 6. g3 Nbd7 7. Nd3 e6 8. Nf4 Bg6 9. Bg2 Bd6 10. d3 Qe7 11. Nc3 0-0 12. Nxg6 hxg6 13. 0-0 Ba3 14. Rb1 Bxb2 15. Rxb2 Rfd8 16. Qc2 a5 17. e3 Nc5 18. d4 Na6 19. Qe2 Nc7 20. Na4 Nd7 21. Rc1 Rdc8 22. Rbc2 Re8 23. e4 dxe4 24. Bxe4 Na6 25. h4 Rad8 26. Rd2 Nf6 27. Bf3 e5 28. dxe5 Rxd2 29. Qxd2 Qxe5 30. Rd1 Nc7 31. Qg5 Qe7 32. Qxa5 Ne6 33. Qd2 Rd8 34. Qe3 Rxd1+ 35. Bxd1 Qa3 36. Nc3 Qb2 37. Qd3 c5 38. Qc2 Qa1 39. Qd2 Nd4 40. Kg2 b6 41. Be2 Nd7 42. Nb5 Ne5 43. Nxd4 cxd4 44. b4 d3 45. Bf3 Qd4 46. Qe3 Qxe3 47. fxe3 Nxc4 48. Kf2 Kf8 49. a4 Ke7 50. Ke1 Kd6 51. Be4 Nb2 52. a5 bxa5 53. bxa5 Kc5 54. a6 Kb6 55. Bb7 d2+ 1/2-1/2

[Event "Puhajarve rap op 18th"]
[Site "Puhajarve"]
[Date "2017.11.26"]
[Round "33"]
[White "Sepp, Olav"]
[Black "Valgmae, Toomas"]
[Result "1/2-1/2"]
[WhiteElo "2436"]
[BlackElo "2270"]
[PlyCount "128"]
[EventDate "2017.11.24"]
[EventType "tourn (rapid)"]
[EventRounds "35"]
[EventCountry "EST"]
[SourceTitle "CBM 181 Extra"]
[Source "ChessBase"]
[SourceDate "2017.12.12"]
[SourceVersion "1"]
[SourceVersionDate "2017.12.12"]
[SourceQuality "1"]

1. Nf3 d5 2. g3 c6 3. Bg2 Nf6 4. 0-0 Bg4 5. d3 Nbd7 6. c4 e6 7. cxd5 exd5 8. Nc3 Bd6 9. e4 0-0 10. exd5 Nxd5 11. Nxd5 cxd5 12. Qb3 Qb6 13. Qxd5 Nf6 14. Qb3 Qxb3 15. axb3 a6 16. Nd2 Rab8 17. Nc4 Bc7 18. Be3 Be2 19. Rfc1 Bxd3 20. Ba7 Ra8 21. Bc5 Rfd8 22. Bxb7 Rab8 23. Bxa6 Rxb3 24. Ra3 Bxc4 25. Bxc4 Rxb2 26. Ra7 Bb6 27. Rxf7 Kh8 28. Rb7 Bxc5 29. Rxb2 Ba3 30. Rcb1 Bxb2 31. Rxb2 g6 32. h4 Rd7 33. Kg2 h5 34. Rb6 Kg7 35. Bb3 Rc7 36. Bd1 Rd7 37. Be2 Re7 38. Bd3 Rd7 39. Bb1 Rc7 40. Kf3 Rc3+ 41. Ke2 Rc7 42. f3 Re7+ 43. Kf2 Rf7 44. Bd3 Rd7 45. Be2 Rf7 46. Re6 Ng4+ 47. Kg2 Nf6 48. Bd3 Rd7 49. Be4 Ra7 50. Kf2 Rc7 51. Ke3 Ra7 52. Kf4 Rf7 53. Ke5 Nd7+ 54. Kd6 Nf6 55. Bd3 Rb7 56. Re7+ Rxe7 57. Kxe7 Ng8+ 58. Ke6 Nf6 59. Ke5 Nh7 60. g4 hxg4 61. fxg4 Nf6 62. Kf4 Nd5+ 63. Kg5 Ne7 64. Be4 Kf7 1/2-1/2